LIBRARY & INFORMATION CENTRE, KCAET, TAVANUR

ONLINE PUBLIC ACCESS CATALOGUE (OPAC)

Normal view MARC view
  • INDU G. NAIR

Entry Personal Name

Number of records used in: 1

001 - CONTROL NUMBER

  • control field: 3924

003 - CONTROL NUMBER IDENTIFIER

  • control field: OSt

005 - DATE AND TIME OF LATEST TRANSACTION

  • control field: 20181115151808.0

008 - FIXED-LENGTH DATA ELEMENTS

  • fixed length control field: 181115|| aca||aabn | a|a d

040 ## - CATALOGING SOURCE

  • Original cataloging agency: OSt
  • Transcribing agency: OSt

100 ## - HEADING--PERSONAL NAME

  • Personal name: INDU G. NAIR

670 ## - SOURCE DATA FOUND

  • Source citation: Work cat.: (OSt)15267: INDU G. NAIR, Performance evaluation of pop-up sprinklers and development of a master control unit for irrigation
free website counter